Países mais próximos do Brasil de A-Z - Statistics

Estatísticas Gerais
  • Esse quiz foi jogado 190 vezes
  • A pontuação média é 18 de 23
Estatísticas das Respostas
Letra País % Correto
A Argentina
99%
C Colômbia
98%
B Bolívia
96%
E Equador
91%
G Guiana
91%
P Paraguai / Peru
91%
V Venezuela
91%
U Uruguai
86%
O Omã
83%
S Suriname
83%
Z Zâmbia
82%
Q Quênia
81%
J Jamaica
79%
H Haiti
78%
F França
77%
D Dominica
75%
M México
75%
N Nicarágua
71%
T Trinidad e Tobago
63%
K Kosovo
61%
I Irlanda / Itália
55%
R República Dominicana
47%
L Libéria
38%
Nenhum quiz correspondente encontrado
Distribuição das Pontuações
Porcentagem de Pessoas com Cada Pontuação
Percentil de Números Respondidos
Sua Pontuação Histórica
Você não jogou esse quiz